000 00926nam a22002897a 4500
003 CHAP
005 20220329134355.0
008 971013s1971 r 00010 d
010 _a19544
011 _a20516
035 _a24604
040 _cCHAP
082 _a658.567
_bA5
110 _aAmerican Society of Agricultural Engineers
_95291
245 _aLivestock waste management and pollution abatement; proceedings
260 _aSt. Joseph, Mich.,
_c1971
300 _a360 p.
_b: ilus. ; gráfs
590 _aBATCH-UPD
_b10
_c20130110
_lUCH01
_h1623
590 _aBATCH-UPD
_b10
_c20130410
_lUCH01
_h1017
590 _aBATCH-UPD
_b10
_c20130914
_lUCH01
_h1326
590 _aCONVERSION
_b10
_c20130109
_lUCH01
_h1312
650 1 4 _aEstiércol
_xManejo.
_938314
650 1 4 _aMedio ambiente
_xContaminación.
_974069
901 _aBK
942 _cLIBRO
949 _a658.567 A5
_bBC
_cLIBRO
_d33724000119111
_eLIBRO
_h50983
_i24604
_si
999 _c19544
_d19544